000 00847nam0a2200277 4500
001 RU\NLR\BIBL_A\012310930
005 20250624013631.0
035 _a(NLR Aleph) 012310930
090 _a11370039
_c11370039
100 _a20200807d1938 |||y0rusy50 ca
101 0 _ager
102 _aRU
105 _ay z 000ay
181 0 _ai
_baxxe
182 0 _an
200 1 _aDer große Zapfenstreich
_eSchicksal einer Offiziersfamilie
_fHansgeorg Buchholtz
203 _aТекст
_bвизуальный
_cнепосредственный
210 _aKönigsberg (Pr)
_cim Kanter-Verlag
_dcop. 1938
215 _a319 с.
_d20
686 3 _aШ6(4Г)61-440.4{Лх1358.22-50}
700 1 _aBuchholtz
_bH.
_f1899-1979
_gHansgeorg
852 _aNLR
_jТР-15/903
942 _cBOOK
980 _aNB